000 00296pam a2200133 a 4500
020 _c
041 _h
082 _a708
_bKUM
100 _aNirmal Verma.
245 _aRam Kumar
_hTextual Documents
260 _a[s.l]:
_bVadhera Art Gallery,
_c2003.
300 _a2003:
_bpaper.
930 _a7082
999 _c240872
_d240872